[Event "ROM-ch U16"]
[Site "Eforie Nord"]
[Date "2022.04.15"]
[Round "6"]
[White "Dumitrescu, Daniel"]
[Black "Visanescu, Dragos Nicholas"]
[Result "1-0"]
[WhiteElo "1872"]
[BlackElo "1789"]
[PlyCount "51"]
[EventDate "2022.04.11"]
[EventType "swiss"]
[EventRounds "9"]
[EventCountry "ROU"]
[SourceTitle "EXT 2023"]
[Source "ChessBase"]
[SourceDate "2022.10.05"]
[SourceVersion "1"]
[SourceVersionDate "2022.10.05"]
[SourceQuality "1"]

1. d4 d5 2. Nf3 Nf6 3. c4 e6 4. g3 Be7 5. Bg2 0-0 6. 0-0 c6 7. Qc2 b6 8. Nc3 Bb7 9. Bf4 Na6 10. Rad1 Nc7 11. b3 Rc8 12. e4 a5 13. Ne5 b5 14. exd5 exd5 15. c5 Ne6 16. Be3 Nd7 17. f4 Nxe5 18. fxe5 Ra8 19. h4 f6 20. Bh3 Bc8 21. Bf5 h6 22. exf6 Bxf6 23. Ne2 Qe7 24. Rde1 Nxc5 25. Bh7+ Kh8 26. Nf4 1-0

[Event "ROM-ch U16"]
[Site "Eforie Nord"]
[Date "2022.04.12"]
[Round "2"]
[White "Creanga, Robert Ionut"]
[Black "Dumitrescu, Daniel"]
[Result "1/2-1/2"]
[WhiteElo "2238"]
[BlackElo "1872"]
[PlyCount "43"]
[EventDate "2022.04.11"]
[EventType "swiss"]
[EventRounds "9"]
[EventCountry "ROU"]
[SourceTitle "EXT 2023"]
[Source "ChessBase"]
[SourceDate "2022.10.05"]
[SourceVersion "1"]
[SourceVersionDate "2022.10.05"]
[SourceQuality "1"]

1. e4 e5 2. Nf3 Nf6 3. Nxe5 d6 4. Nf3 Nxe4 5. d4 d5 6. Bd3 Nd7 7. 0-0 Ndf6 8. Ne5 Be7 9. c3 0-0 10. Qc2 g6 11. Nd2 Bf5 12. Nb3 Nd7 13. Bf4 Nxe5 14. Bxe5 b6 15. Rfe1 Bf6 16. f3 Nd6 17. Bxf5 Nxf5 18. Bxf6 Qxf6 19. Qd2 Rfe8 20. Qf4 Qd6 21. Qxd6 Nxd6 22. Nd2 1/2-1/2

[Event "ROM-ch blitz"]
[Site "Bucharest"]
[Date "2022.03.13"]
[Round "2"]
[White "Dumitrescu, Daniel"]
[Black "David, Alexandru Vasile"]
[Result "0-1"]
[WhiteElo "1886"]
[BlackElo "2393"]
[PlyCount "61"]
[EventDate "2022.03.13"]
[EventType "swiss (blitz)"]
[EventRounds "9"]
[EventCountry "ROU"]
[SourceTitle "EXT 2023"]
[Source "ChessBase"]
[SourceDate "2022.10.05"]
[SourceVersion "1"]
[SourceVersionDate "2022.10.05"]
[SourceQuality "1"]

1. Nf3 Nf6 2. e3 g6 3. d4 Bg7 4. Be2 0-0 5. 0-0 d6 6. b3 Nbd7 7. Bb2 b6 8. c4 Bb7 9. Nc3 e6 10. Rc1 Qe7 11. Nd2 c6 12. Bf3 e5 13. dxe5 Nxe5 14. Qc2 Rfe8 15. Nce4 Nxf3+ 16. gxf3 Nxe4 17. Nxe4 d5 18. cxd5 cxd5 19. Ng3 d4 20. e4 Qg5 21. Qc7 Ba6 22. Rfd1 Be5 23. Qd7 Rad8 24. Qh3 Be2 25. Kg2 Bxd1 26. Rxd1 h5 27. Kh1 d3 28. Nf1 Bxb2 29. Ne3 d2 30. Rg1 Qf6 31. Qxh5 0-1

[Event "ROM-ch Rapid"]
[Site "Bucharest"]
[Date "2022.03.11"]
[Round "2"]
[White "Nevednichy, Vladislav"]
[Black "Dumitrescu, Daniel"]
[Result "1/2-1/2"]
[WhiteElo "2498"]
[BlackElo "1872"]
[PlyCount "153"]
[EventDate "2022.03.11"]
[EventType "swiss (rapid)"]
[EventRounds "9"]
[EventCountry "ROU"]
[SourceTitle "CBM 207 Extra"]
[Source "ChessBase"]
[SourceDate "2022.05.31"]
[SourceVersion "1"]
[SourceVersionDate "2022.05.31"]
[SourceQuality "1"]

1. e4 e5 2. Nf3 Nf6 3. d3 d6 4. g3 g6 5. Bg2 Bg7 6. 0-0 0-0 7. c3 c6 8. Nbd2 Nbd7 9. d4 Qc7 10. Re1 b6 11. a4 a6 12. b3 Bb7 13. Bb2 b5 14. h3 h5 15. Qc2 c5 16. d5 bxa4 17. Rxa4 Nb6 18. Ra2 c4 19. b4 Ra7 20. Rea1 Rfa8 21. Bc1 Bc8 22. Nf1 Bd7 23. Be3 Bb5 24. N1d2 Kh7 25. Ng5+ Kg8 26. Ndf3 Rb7 27. Nh4 Nbd7 28. Qd2 Nf8 29. f4 exf4 30. gxf4 Re8 31. e5 N6h7 32. Ne4 dxe5 33. Nc5 exf4 34. Bxf4 Qb6 35. d6 Rbb8 36. Kh1 Rbd8 37. Rxa6 Bxa6 38. Rxa6 Qb8 39. d7 Bxc3 40. Bxb8 Bxd2 41. dxe8Q Rxe8 42. Bd6 Bxb4 43. Ne4 Bxd6 44. Nxd6 Re1+ 45. Kh2 c3 46. Rc6 Ng5 47. Rxc3 Nfe6 48. Kg3 Rd1 49. Ne8 Nd4 50. Re3 Nge6 51. Kh2 Kf8 52. Nf6 Kg7 53. Ne4 Nf4 54. Ng3 Rd2 55. Kh1 Nxg2 56. Nxg2 Ne6 57. Ne4 Ra2 58. Nd6 Rd2 59. Ne8+ Kf8 60. Nf6 Kg7 61. Ne4 Ra2 62. Rd3 Rxg2 63. Rd7 Re2 64. Nd6 Rf2 65. Kg1 Rf4 66. Kg2 Kg8 67. Ra7 Kg7 68. Ne8+ Kf8 69. Nd6 g5 70. h4 g4 71. Ra5 Rb4 72. Nf5 f6 73. Ra8+ Kf7 74. Ra7+ Kg8 75. Ne7+ Kf8 76. Ng6+ Kg8 77. Ne7+ 1/2-1/2

[Event "FISCA Online op"]
[Site "Chess.com INT"]
[Date "2020.06.20"]
[Round "2"]
[White "Bhandari, Arya Neel"]
[Black "Dumitrescu, Daniel"]
[Result "1-0"]
[WhiteElo "1190"]
[BlackElo "1926"]
[PlyCount "83"]
[EventDate "2020.06.19"]
[EventType "swiss"]
[EventRounds "9"]
[EventCountry "ROU"]
[SourceTitle "CBM 197 Extra"]
[Source "ChessBase"]
[SourceDate "2020.09.30"]
[SourceVersion "1"]
[SourceVersionDate "2020.09.30"]
[SourceQuality "1"]

1. e4 c6 2. d4 d5 3. exd5 cxd5 4. Bd3 Nc6 5. c3 Nf6 6. Bf4 Bg4 7. Qb3 Qc8 8. Nd2 e6 9. Ngf3 Be7 10. 0-0 0-0 11. Rfe1 Re8 12. h3 Bh5 13. Qc2 Qd8 14. Ne5 Rc8 15. Nxc6 bxc6 16. Ba6 Bg6 17. Qb3 Ra8 18. Bb7 Bd6 19. Bxd6 Qxd6 20. Bxa8 Rxa8 21. Nf3 Rb8 22. Qa3 Qxa3 23. bxa3 h6 24. Ne5 Be4 25. f3 Bh7 26. Nxc6 Rb7 27. Rec1 Rc7 28. Ne5 g5 29. c4 dxc4 30. Rxc4 Rb7 31. Rac1 Nd5 32. Rc8+ Kg7 33. Ra8 Nf4 34. Rcc8 Rb2 35. Rc7 Bg8 36. Rcc8 Bh7 37. Rf8 Bg6 38. Rg8+ Kf6 39. Ng4+ Ke7 40. Rxa7+ Kd6 41. Rd8+ Kc6 42. Ne5+ 1-0

[Event "FISCA Online op"]
[Site "Chess.com INT"]
[Date "2020.06.19"]
[Round "1"]
[White "Dumitrescu, Daniel"]
[Black "Matei Catruna, Andrei"]
[Result "1-0"]
[WhiteElo "1926"]
[BlackElo "1039"]
[PlyCount "129"]
[EventDate "2020.06.19"]
[EventType "swiss"]
[EventRounds "9"]
[EventCountry "ROU"]
[SourceTitle "CBM 197 Extra"]
[Source "ChessBase"]
[SourceDate "2020.09.30"]
[SourceVersion "1"]
[SourceVersionDate "2020.09.30"]
[SourceQuality "1"]

1. Nf3 d5 2. e3 Nf6 3. b3 e6 4. Bb2 Be7 5. c4 0-0 6. Be2 b6 7. 0-0 Bb7 8. d4 Nbd7 9. Ne5 Re8 10. f4 c5 11. Nd2 Rc8 12. Bf3 h6 13. Rc1 Nxe5 14. fxe5 Ne4 15. Bxe4 dxe4 16. Qg4 Bg5 17. Rce1 cxd4 18. Bxd4 Rc7 19. Nxe4 Bxe4 20. Qxe4 Qa8 21. Qxa8 Rxa8 22. g3 Rd7 23. a3 Be7 24. b4 Rad8 25. Rc1 Rc8 26. Rc2 b5 27. c5 Rdc7 28. Rfc1 g5 29. Kg2 h5 30. a4 a6 31. axb5 axb5 32. Ra1 Rb7 33. Ra6 Bf8 34. Rca2 Kg7 35. Ra7 Rxa7 36. Rxa7 Rb8 37. Ra6 Be7 38. g4 h4 39. Rb6 Rxb6 40. cxb6 Bd8 41. b7 Bc7 42. Ba7 Bxe5 43. b8Q Bxb8 44. Bxb8 f5 45. Kf3 Kf6 46. e4 Kg6 47. exf5+ exf5 48. gxf5+ Kxf5 49. h3 Kf6 50. Kg4 Kg6 51. Bc7 Kh6 52. Bd8 Kg6 53. Bxg5 Kf7 54. Bxh4 Ke6 55. Bf2 Kd5 56. h4 Kc4 57. Bc5 Kd5 58. Kf5 Kc6 59. Ke6 Kc7 60. h5 Kd8 61. h6 Kc7 62. h7 Kc6 63. h8Q Kb7 64. Kd6 Ka6 65. Qc8# 1-0

[Event "FISCA Online U14 op"]
[Site "Chess.com INT"]
[Date "2020.05.17"]
[Round "9"]
[White "Wandor, Adam"]
[Black "Dumitrescu, Daniel"]
[Result "1/2-1/2"]
[WhiteElo "1326"]
[BlackElo "1926"]
[PlyCount "130"]
[EventDate "2020.05.09"]
[EventType "swiss"]
[EventRounds "9"]
[EventCountry "ROU"]
[SourceTitle "EXT 2021"]
[Source "ChessBase"]
[SourceDate "2020.10.23"]
[SourceVersion "1"]
[SourceVersionDate "2020.10.23"]
[SourceQuality "1"]

1. c4 Nf6 2. Nc3 e6 3. Nf3 d5 4. e3 a6 5. d4 Be7 6. Bd3 dxc4 7. Bxc4 b5 8. Bd3 Bb7 9. 0-0 0-0 10. b3 Nbd7 11. Bb2 c5 12. dxc5 Nxc5 13. Be2 Qb6 14. b4 Nce4 15. Nxe4 Bxe4 16. a3 Rfd8 17. Bd4 Qb7 18. Qb3 Rac8 19. Rac1 Nd5 20. Rfd1 Bf6 21. Bxf6 Nxf6 22. h3 h6 23. Rxd8+ Rxd8 24. Qc3 Qd5 25. Rd1 Qa8 26. Rxd8+ Qxd8 27. Nd2 Bg6 28. Bf3 Nd5 29. Qd4 Qc7 30. Nb3 Qc4 31. Bxd5 exd5 32. Qxc4 dxc4 33. Nc1 f6 34. f3 Kf7 35. Kf2 f5 36. Ne2 Kf6 37. Nf4 Bf7 38. Ne2 g6 39. Nc3 Ke5 40. f4+ Kd6 41. h4 Be8 42. g3 Bc6 43. Ke2 Ke6 44. Kf2 Kf6 45. Ne2 g5 46. hxg5+ hxg5 47. Nc3 Kg6 48. Nb1 Kh5 49. Nc3 Kg4 50. Ne2 gxf4 51. gxf4 Be4 52. Nc3 Bc2 53. Nd5 Be4 54. Nf6+ Kh4 55. Nxe4 fxe4 56. Ke2 Kg4 57. Kd2 Kf5 58. Kc3 Ke6 59. Kd4 Kf5 60. Kc3 Ke6 61. Kc2 Kd6 62. Kd2 Ke6 63. Kc2 Kd6 64. Kc3 Kd5 65. Kd2 Ke6 1/2-1/2

[Event "FISCA Online U14 op"]
[Site "Chess.com INT"]
[Date "2020.05.11"]
[Round "3"]
[White "Iuga, Ioan Alexandru"]
[Black "Dumitrescu, Daniel"]
[Result "0-1"]
[WhiteElo "1613"]
[BlackElo "1926"]
[PlyCount "96"]
[EventDate "2020.05.09"]
[EventType "swiss"]
[EventRounds "9"]
[EventCountry "ROU"]
[SourceTitle "EXT 2021"]
[Source "ChessBase"]
[SourceDate "2020.10.23"]
[SourceVersion "1"]
[SourceVersionDate "2020.10.23"]
[SourceQuality "1"]

1. e4 c6 2. d4 d5 3. e5 Bf5 4. h4 h5 5. c4 e6 6. Nc3 Nd7 7. cxd5 cxd5 8. Bd3 Bxd3 9. Qxd3 Bb4 10. Nge2 Ne7 11. Qb5 Qb6 12. 0-0 a6 13. Qd3 Nf5 14. g3 Rc8 15. Be3 0-0 16. Nf4 g6 17. Rac1 Bxc3 18. bxc3 Qb5 19. Rc2 Qxd3 20. Nxd3 b5 21. Rfc1 Rc4 22. Kf1 Rfc8 23. Ke2 Nb6 24. Nc5 Na4 25. Nxa4 Rxa4 26. Kd3 Ne7 27. Bg5 Nc6 28. f3 Ra3 29. Ke2 b4 30. Bd2 a5 31. Kf2 Rb8 32. Rb1 a4 33. f4 b3 34. axb3 axb3 35. Bc1 Rba8 36. Re2 Ra1 37. Rxa1 Rxa1 38. Bb2 Ra2 39. Ke1 Na5 40. Kd1 Nc4 41. Kc1 Kf8 42. Kb1 Ke8 43. Rf2 Kd7 44. Re2 Kc6 45. Rf2 Kb5 46. Kc1 Nxb2 47. Rxb2 Rxb2 48. Kxb2 Kc4 0-1

[Event "ROM-ch U12"]
[Site "Calimanesti Caciulata"]
[Date "2019.04.20"]
[Round "7"]
[White "Cnejev, Vladimir Alexandru"]
[Black "Dumitrescu, Daniel"]
[Result "1-0"]
[WhiteElo "1885"]
[BlackElo "1867"]
[PlyCount "112"]
[EventDate "2019.04.15"]
[EventType "swiss"]
[EventRounds "9"]
[EventCountry "ROU"]
[SourceTitle "CBM 190 Extra"]
[Source "ChessBase"]
[SourceDate "2019.07.15"]
[SourceVersion "1"]
[SourceVersionDate "2019.07.15"]
[SourceQuality "1"]

1. e4 c6 2. d4 d5 3. exd5 cxd5 4. Bd3 Nc6 5. c3 Qc7 6. h3 g6 7. Nf3 Nf6 8. 0-0 Bf5 9. Bxf5 gxf5 10. c4 e6 11. Nc3 0-0-0 12. Bg5 Be7 13. Bxf6 Bxf6 14. cxd5 exd5 15. Qd3 Qd7 16. Rac1 Kb8 17. Rfe1 Rhe8 18. Rcd1 Re6 19. Kh2 Re4 20. Qd2 Rxe1 21. Rxe1 Qd6+ 22. g3 a6 23. a3 Na5 24. Qh6 Nb3 25. Rd1 Qe6 26. Kg2 Qb6 27. Qxh7 Nxd4 28. Nxd4 Bxd4 29. Qxf5 Bxc3 30. bxc3 Qc6 31. Qf4+ Ka8 32. Qd4 Qe6 33. c4 Qe7 34. Rd3 f5 35. cxd5 Qd6 36. Qb4 Qg6 37. d6 f4 38. Qd4 fxg3 39. fxg3 Qe6 40. Rd2 Qd7 41. Qd5 Re8 42. Rc2 Qh7 43. Rc7 Qb1 44. Qd2 Qe4+ 45. Kh2 Qf3 46. Re7 Rg8 47. Qg2 Qb3 48. d7 Qb5 49. a4 Qb6 50. Re8+ Rxe8 51. dxe8Q+ Ka7 52. a5 Qc5 53. Qf7 Qc8 54. Qgf2+ Ka8 55. Qf8 Kb8 56. Qxc8+ Kxc8 1-0

[Event "ROM-ch U12"]
[Site "Calimanesti Caciulata"]
[Date "2019.04.18"]
[Round "5"]
[White "Tariceanu, Victor"]
[Black "Dumitrescu, Daniel"]
[Result "0-1"]
[WhiteElo "1619"]
[BlackElo "1867"]
[PlyCount "100"]
[EventDate "2019.04.15"]
[EventType "swiss"]
[EventRounds "9"]
[EventCountry "ROU"]
[SourceTitle "CBM 190 Extra"]
[Source "ChessBase"]
[SourceDate "2019.07.15"]
[SourceVersion "1"]
[SourceVersionDate "2019.07.15"]
[SourceQuality "1"]

1. e4 d5 2. exd5 Qxd5 3. Nc3 Qa5 4. d4 c6 5. Nf3 Nf6 6. Bc4 Bf5 7. Bd2 e6 8. Ne5 Qb6 9. Bc1 Bd6 10. Nf3 Nbd7 11. b3 Nd5 12. Bd2 N7f6 13. h3 Nxc3 14. Bxc3 Ne4 15. Bb2 Bb4+ 16. Kf1 0-0 17. Bd3 Rfd8 18. Bxe4 Bxe4 19. Qe2 Bg6 20. c3 Be7 21. Ne5 c5 22. Nc4 Qc7 23. h4 cxd4 24. cxd4 h6 25. Ne5 Bh7 26. Rc1 Qb6 27. Nc4 Qa6 28. a4 Bf6 29. Qe3 b5 30. axb5 Qxb5 31. Kg1 Rab8 32. Nd2 a5 33. Ba1 Rbc8 34. Kh2 Bxh4 35. g3 Bg5 36. f4 Bf6 37. Nf3 Rc2+ 38. Rxc2 Bxc2 39. Rc1 Qxb3 40. Qf2 Be4 41. Nd2 Qd5 42. Rc5 Qa8 43. Nxe4 Qxe4 44. Rxa5 Rxd4 45. Ra8+ Kh7 46. Ra7 Rd1 47. Qg2 Qd3 48. Ra2 Qd5 49. Qc2+ g6 50. Qg2 Qh5+ 0-1

[Event "ROM-ch U12"]
[Site "Calimanesti Caciulata"]
[Date "2019.04.17"]
[Round "3"]
[White "Anghelus, Alexandru Mihai"]
[Black "Dumitrescu, Daniel"]
[Result "0-1"]
[WhiteElo "1262"]
[BlackElo "1867"]
[PlyCount "74"]
[EventDate "2019.04.15"]
[EventType "swiss"]
[EventRounds "9"]
[EventCountry "ROU"]
[SourceTitle "CBM 190 Extra"]
[Source "ChessBase"]
[SourceDate "2019.07.15"]
[SourceVersion "1"]
[SourceVersionDate "2019.07.15"]
[SourceQuality "1"]

1. e4 d5 2. exd5 Qxd5 3. Nc3 Qa5 4. d4 c6 5. Nf3 Nf6 6. Bc4 Bf5 7. Bd2 e6 8. Nd5 Qd8 9. Nxf6+ gxf6 10. Qe2 Bd6 11. 0-0-0 Qe7 12. Nh4 Bg6 13. g4 e5 14. dxe5 fxe5 15. Nf5 Bxf5 16. gxf5 Nd7 17. Bc3 0-0-0 18. f4 Rhe8 19. fxe5 Nxe5 20. Bb3 Nd3+ 21. Qxd3 Bf4+ 22. Qd2 Bxd2+ 23. Bxd2 Qf6 24. Rhf1 Re2 25. h3 Re7 26. Bc3 Qh6+ 27. Bd2 Qh5 28. h4 Red7 29. c3 Qxh4 30. Rg1 Qh5 31. Rg5 Qe2 32. Rgg1 Rxd2 33. Rxd2 Rxd2 34. Rg8+ Kc7 35. Rg1 Qe3 36. Rf1 Rf2+ 37. Kd1 Rxf1+ 0-1

[Event "ROM-ch"]
[Site "Olanesti"]
[Date "2019.03.10"]
[Round "9"]
[White "Dumitrescu, Daniel"]
[Black "Apahidean, Ioan"]
[Result "1/2-1/2"]
[WhiteElo "1910"]
[BlackElo "1887"]
[PlyCount "27"]
[EventDate "2019.03.02"]
[EventType "swiss"]
[EventRounds "9"]
[EventCountry "ROU"]
[SourceTitle "CBM 189 Extra"]
[Source "ChessBase"]
[SourceDate "2019.06.03"]
[SourceVersion "1"]
[SourceVersionDate "2019.06.03"]
[SourceQuality "1"]

1. Nf3 Nf6 2. g3 d6 3. d4 c6 4. Bg2 Qc7 5. e4 e5 6. dxe5 dxe5 7. c4 Bg4 8. Nc3 Nbd7 9. Be3 Be7 10. Rc1 0-0 11. h3 Be6 12. Nd5 Qd8 13. Nxe7+ Qxe7 14. Qc2 1/2-1/2

[Event "ROM-ch"]
[Site "Olanesti"]
[Date "2019.03.07"]
[Round "6"]
[White "Rauca, Horatiu Augustin"]
[Black "Dumitrescu, Daniel"]
[Result "1/2-1/2"]
[WhiteElo "1905"]
[BlackElo "1910"]
[PlyCount "58"]
[EventDate "2019.03.02"]
[EventType "swiss"]
[EventRounds "9"]
[EventCountry "ROU"]
[SourceTitle "CBM 189 Extra"]
[Source "ChessBase"]
[SourceDate "2019.06.03"]
[SourceVersion "1"]
[SourceVersionDate "2019.06.03"]
[SourceQuality "1"]

1. e4 d5 2. exd5 Qxd5 3. Nc3 Qa5 4. d4 c6 5. Bc4 Nf6 6. Bd2 Qc7 7. Qe2 Bf5 8. Bb3 e6 9. Nf3 Be7 10. Ne5 Nbd7 11. g4 Bg6 12. h4 Bb4 13. h5 Bxc3 14. bxc3 Be4 15. f3 Nxe5 16. dxe5 Qxe5 17. fxe4 Nxe4 18. 0-0-0 0-0-0 19. Rhe1 f5 20. Qc4 Rhe8 21. Re3 Rd6 22. Rd3 Red8 23. Be1 Rd5 24. gxf5 Qxf5 25. Qa4 Rxd3 26. Rxd3 Rxd3 27. cxd3 Nc5 28. Qc4 Nxd3+ 29. Kd2 Nc5 1/2-1/2

[Event "ROM-ch"]
[Site "Olanesti"]
[Date "2019.03.02"]
[Round "1"]
[White "Dumitrescu, Daniel"]
[Black "Ciorgovean, Iustin"]
[Result "0-1"]
[WhiteElo "1910"]
[BlackElo "2276"]
[PlyCount "82"]
[EventDate "2019.03.02"]
[EventType "swiss"]
[EventRounds "9"]
[EventCountry "ROU"]
[SourceTitle "CBM 189 Extra"]
[Source "ChessBase"]
[SourceDate "2019.06.03"]
[SourceVersion "1"]
[SourceVersionDate "2019.06.03"]
[SourceQuality "1"]

1. Nf3 Nf6 2. g3 g6 3. Bg2 Bg7 4. 0-0 0-0 5. d4 d6 6. b3 c5 7. c4 Nc6 8. Bb2 Bf5 9. dxc5 dxc5 10. Qxd8 Rfxd8 11. Nc3 Ne4 12. Rac1 Nb4 13. g4 Nxc3 14. Bxc3 Bxg4 15. Bxb4 cxb4 16. Rfd1 Bb2 17. Rb1 Bf6 18. Rd5 Rxd5 19. cxd5 Rc8 20. h3 Bf5 21. Rd1 Rc2 22. d6 exd6 23. Rxd6 Kg7 24. Rd2 Rc1+ 25. Kh2 Bc3 26. Rd5 Rc2 27. Nd4 Bxd4 28. Rxd4 Rxe2 29. Rxb4 Rxf2 30. Kg3 Rxa2 31. Rxb7 Rxg2+ 32. Kxg2 Be4+ 33. Kg3 Bxb7 34. Kh4 a5 35. Kg3 Bd5 36. b4 axb4 37. h4 h5 38. Kf4 b3 39. Ke5 b2 40. Kf4 b1Q 41. Kg5 Qd1 0-1

[Event "ROM-ch U10"]
[Site "Calimanesti Caciulata"]
[Date "2016.04.23"]
[Round "7"]
[White "Dumitrescu, Daniel"]
[Black "Craciun, Cristian Gabriel111"]
[Result "0-1"]
[WhiteElo "1579"]
[BlackElo "1379"]
[PlyCount "72"]
[EventDate "2016.04.18"]
[EventType "swiss"]
[EventRounds "9"]
[EventCountry "ROU"]
[SourceTitle "CBM 172 Extra"]
[Source "ChessBase"]
[SourceDate "2016.06.21"]
[SourceVersion "1"]
[SourceVersionDate "2016.06.21"]
[SourceQuality "1"]

1. d4 e6 2. c4 Nf6 3. Nc3 c5 4. d5 b5 5. e4 b4 6. e5 bxc3 7. exf6 Qxf6 8. bxc3 Qxc3+ 9. Bd2 Qe5+ 10. Be2 Be7 11. Nf3 Qc7 12. Bc3 0-0 13. 0-0 exd5 14. cxd5 d6 15. Re1 Nd7 16. Rb1 Bf6 17. Bxf6 Nxf6 18. Bd3 Bg4 19. h3 Bh5 20. Ba6 Rab8 21. Qd3 Bg6 22. Qf1 Rxb1 23. Rxb1 Bxb1 24. Qxb1 Rb8 25. Qc2 Nxd5 26. Ng5 Nf6 27. Bc4 d5 28. Bd3 h6 29. Nh7 Nxh7 30. Bxh7+ Kh8 31. Bf5 Qe5 32. Bg4 Rb2 33. Qc1 c4 34. a4 c3 35. Bf3 c2 36. Bxd5 Rb1 0-1

[Event "ROM-ch U10"]
[Site "Calimanesti Caciulata"]
[Date "2016.04.19"]
[Round "2"]
[White "Pirvu, Christian"]
[Black "Dumitrescu, Daniel"]
[Result "1/2-1/2"]
[WhiteElo "1343"]
[BlackElo "1579"]
[PlyCount "47"]
[EventDate "2016.04.18"]
[EventType "swiss"]
[EventRounds "9"]
[EventCountry "ROU"]
[SourceTitle "CBM 172 Extra"]
[Source "ChessBase"]
[SourceDate "2016.06.21"]
[SourceVersion "1"]
[SourceVersionDate "2016.06.21"]
[SourceQuality "1"]

1. e4 e5 2. Nf3 Nc6 3. d4 exd4 4. Bc4 Bc5 5. c3 Nf6 6. e5 d5 7. exf6 dxc4 8. fxg7 Rg8 9. Bg5 f6 10. Bh4 Rxg7 11. 0-0 dxc3 12. Qxd8+ Nxd8 13. Bxf6 cxb2 14. Bxb2 Rg8 15. Nc3 Bg4 16. Nd5 Bxf3 17. Nf6+ Kf7 18. Nxg8 Bxg2 19. Nh6+ Kg6 20. Kxg2 Kxh6 21. Rfe1 Nc6 22. Re6+ Kg5 23. Rae1 Rg8 24. Kf1 1/2-1/2

[Event "ROM-ch U10"]
[Site "Calimanesti Caciulata"]
[Date "2016.04.18"]
[Round "1"]
[White "Dumitrescu, Daniel"]
[Black "Vatamanu, Matei"]
[Result "1-0"]
[WhiteElo "1579"]
[BlackElo "1132"]
[PlyCount "49"]
[EventDate "2016.04.18"]
[EventType "swiss"]
[EventRounds "9"]
[EventCountry "ROU"]
[SourceTitle "CBM 172 Extra"]
[Source "ChessBase"]
[SourceDate "2016.06.21"]
[SourceVersion "1"]
[SourceVersionDate "2016.06.21"]
[SourceQuality "1"]

1. d4 d5 2. c4 e6 3. Nc3 Nc6 4. cxd5 exd5 5. Bf4 Bb4 6. e3 Nf6 7. Bd3 Be6 8. h3 0-0 9. Rc1 Qd7 10. Nge2 a6 11. a3 Bxc3+ 12. Nxc3 Nh5 13. Bh2 Qe7 14. Qxh5 g6 15. Qh6 Qf6 16. Ne2 Rfe8 17. Rxc6 bxc6 18. Be5 Qxe5 19. dxe5 Rad8 20. Nf4 Bd7 21. Nh5 gxh5 22. Bxh7+ Kh8 23. Bg6+ Kg8 24. Qh7+ Kf8 25. Qxf7# 1-0